| 000 | 00941nam a2200229 i 4500 | ||
|---|---|---|---|
| 001 | 187040 | ||
| 003 | SpMaBN | ||
| 005 | 20250809015351.0 | ||
| 008 | 170404s1993 sp |||| | spa d | ||
| 020 | _a84-7719-401-7 | ||
| 080 | _a340.122:37(460)"17" | ||
| 100 | 1 |
_aRus Rufino, Salvador. _9101009 |
|
| 245 | 1 | 0 |
_aHistoria de la cátedra de derecho natural y de gentes de los Reales Estudios de San Isidro (1770-1794) _b: sobre el problema del origen de la disciplina derecho natural en España / _cSalvador Rus Rufino, con la colaboración de María Asunción Sánchez Manzano. |
| 260 |
_aLeón : _bUniversidad, Secretariado de Publicaciones, _c1993. |
||
| 300 |
_a202 p. ; _c24 cm. |
||
| 504 | _aBibliografía: p. 175-202. | ||
| 650 | 7 |
_aDerecho- _xEnseñanza _2 _9151692 |
|
| 700 | 1 |
_aSánchez Manzano, María Asunción. _9102748 |
|
| 710 | 2 |
_aUniversidad de León. _97200 |
|
| 852 |
_aES-MaACL _jL-31361 |
||
| 999 |
_c187040 _d187040 |
||